• 首页
  • 本馆介绍
  • 公告通知
  • 最新文献
  • 馆藏检索
  • 电子资源
  • 读者导购
  • 参考咨询
  • 我的图书馆
  • 登录
  • 详细信息显示
  • 放入我的书架
  • 预约/预借图书
  • 作者相关作品
  • 分类相关作品
  • 丛书相关作品
  • 出版社相关作品

书目信息

  • 表格格式
  • 工作单格式
  • 卡片格式
题名:
中国传统建筑解析与传承
    
 
作者: ;住房和城乡建设部 编
分册:   浙江卷
出版信息: 北京   中国建筑工业出版社  2016.9
页数: 186页
开本: 29cm
丛书名:
单 册:
中图分类: TU-092.2 , TU-092.955
科图分类:
主题词: 古建筑--建筑艺术--中国 , 古建筑--建筑艺术--浙江
电子资源:
ISBN: 978-7-112-18856-7
000 01693nam0 2200277 450
001 0400004862
005 20171026151245.60
010    @a978-7-112-18856-7@b精装@dCNY128.00
100    @a20161031d2016 em y0chiy50 ea
101 0  @achi
102    @aCN@b110000
105    @aa z 000yy
106    @ar
200 1  @a中国传统建筑解析与传承@9zhong guo chuan tong jian zhu jie xi yu chuan cheng@i浙江卷@dThe interpretation and inheritance of traditional Chinese architecture@iZhejiang volume@zeng@f中华人民共和国住房和城乡建设部编
210    @a北京@c中国建筑工业出版社@d2016.9
215    @a186页@c图@d29cm
307    @a实际页数为:191
330    @a本书以浙江省域为研究范围,尤其是具有传统人居环境特性的区域,重点强调传统地域建筑有关形式特征语义的内容讨论,以及现代地域建筑批判地域主义的探讨。包括探究浙江建筑地域特征和传承方式的认识论(基本理论)问题,从基址与环境、意义与象征、秩序与肌理、形式与空间、材料与构造、机制与管理等六方面建构认识论体系。本书核心内容分上下两篇:上篇对浙江传统建筑地域特征进行研究,从自然环境特征、人文环境特征、建造技术渊源三方面归纳进行归纳,并从聚落——公共建筑——民居三个层面进行分析,建构完整的浙江省传统建筑地域特征体系;下篇提出浙江现代建筑地域特征传承创作实践取向,探讨浙江当代建筑地域性特征的生成机制,提取浙江当代建筑地域化创作的语言要素取向、场域表述取向、回应气候取向等。
510 1  @aInterpretation and inheritance of traditional Chinese architecture@iZhejiang volume@zeng
606 0  @a古建筑@x建筑艺术@y中国
606 0  @a古建筑@x建筑艺术@y浙江
690    @aTU-092.2@v5
690    @aTU-092.955@v5
711 02 @a住房和城乡建设部@9zhu fang he cheng xiang jian she bu@4编
801  0 @aCN@b91MARC@c20171025
905    @b1039668-71@dTU-092.2@f4@e187
    
    中国传统建筑解析与传承.浙江卷=The interpretation and inheritance of traditional Chinese architecture.Zhejiang volume/中华人民共和国住房和城乡建设部编.-北京:中国建筑工业出版社,2016.9
    186页:图;29cm
    
    
    ISBN 978-7-112-18856-7(精装):CNY128.00
    本书以浙江省域为研究范围,尤其是具有传统人居环境特性的区域,重点强调传统地域建筑有关形式特征语义的内容讨论,以及现代地域建筑批判地域主义的探讨。包括探究浙江建筑地域特征和传承方式的认识论(基本理论)问题,从基址与环境、意义与象征、秩序与肌理、形式与空间、材料与构造、机制与管理等六方面建构认识论体系。本书核心内容分上下两篇:上篇对浙江传统建筑地域特征进行研究,从自然环境特征、人文环境特征、建造技术渊源三方面归纳进行归纳,并从聚落——公共建筑——民居三个层面进行分析,建构完整的浙江省传统建筑地域特征体系;下篇提出浙江现代建筑地域特征传承创作实践取向,探讨浙江当代建筑地域性特征的生成机制,提取浙江当代建筑地域化创作的语言要素取向、场域表述取向、回应气候取向等。
●
相关链接 在E读中查询图书 在五车中查询图书 在当当中查询图书 在豆瓣中查询图书


正题名:中国传统建筑解析与传承     索取号:TU-092.2/187         预约/预借

序号 登录号 条形码 馆藏地/架位号 状态 备注
1 1039668   210396686   第二样本阅览室/ [索取号:TU-092.2/187] 在馆    
2 1039669   210396695   密集书库-生命科学系/ [索取号:TU-092.2/187] 在馆    
3 1039670   210396702   第三借阅区/ [索取号:TU-092.2/187] 在馆    
4 1039671   210396711   第三借阅区/ [索取号:TU-092.2/187] 在馆    
唐山师范学院图书馆 欢迎您!
大连网信软件有限公司© 版权所有